Szczegóły MARC21

Ekologiczne podstawy kształtowania ekosystemów łąkowych Babiogórskiego Parku Narodowego = Ecological principles of meadow ecosystem management in the Babia Góra National Park, Western Carpathians /

003 -Nazwa inst., której nr kontr. jest w polu 001 [,]
    • @
    • Nazwa instytucji, której n kontrolny jest w polu 001
    • NUKAT
005 -DATA I CZAS OSTATNIEJ MODYFIKACJI [,]
    • @
    • pole kontrolne
    • 20241231092613.0
040 -Instytucja sporządzająca opis [ , ]
    • a
    • Instytucja, która sporządziła opis (NP)
    • GD U/AJ
    • c
    • Instytucja, która sporządziła rekord (NP)
    • GD U/AJ
    • d
    • Instytucja, która zmodyfikowała rekord (P)
    • GD U/AJ
    • d
    • Instytucja, która zmodyfikowała rekord (P)
    • WA U/JKs
    • d
    • Instytucja, która zmodyfikowała rekord (P)
    • GD U/JDs
    • d
    • Instytucja, która zmodyfikowała rekord (P)
    • GD U/ASO
    • d
    • Instytucja, która zmodyfikowała rekord (P)
    • KR 038/JW
041 -Język dokumentu [0, ]
    • a
    • Język tekstu (P)
    • polski
    • b
    • Język streszczeń lub abstraktu (P)
    • angielski
942 -Rodzaj dokumentu [ , ]
    • c
    • Rodzaj dokumentu
    • Książka
100 -Hasło główne - nazwa osobowa [1, ]
    • a
    • Nazwa osobowa (NP)
    • Zarzycki, Jan
    • d
    • Daty biograficzne (NP)
    • (1962- ).
    • e
    • Rodzaj współpracy
    • Autor
    • 9
    • KHW
    • 81235
245 -Strefa tytułu i oznaczenia odpowiedzialności [1,0]
    • a
    • Tytuł
    • Ekologiczne podstawy kształtowania ekosystemów łąkowych Babiogórskiego Parku Narodowego = Find
    • b
    • Ciąg dalszy tytułu (NP)
    • Ecological principles of meadow ecosystem management in the Babia Góra National Park, Western Carpathians / Find
    • c
    • Pozostałe elementy strefy tytułu i oznaczenia odpowiedzialności (NP)
    • Jan Zarzycki ; Polska Akademia Nauk. Instytut Ochrony Przyrody.
246 -Wariant tytułu [3,1]
    • a
    • Tytuł (NP)
    • Ecological principles of meadow ecosystem management in the Babia Góra National Park, Western Carpathians
260 -Strefa adresu wydawniczego [ , ]
    • a
    • Miejsce wydania (P)
    • Kraków :
    • b
    • Nazwa wydawcy (P)
    • Instytut Ochrony Przyrody PAN,
    • c
    • Data wydania (P)
    • 1999.
300 -Strefa opisu fizycznego [ , ]
    • a
    • Określenie formy książki i/lub objętość (NP)
    • 97 stron, [2] strony ilustracji, [3] karty tablic złożone :
    • b
    • Oznaczenie ilustracji (NP)
    • ilustracje ;
    • c
    • Format (NP)
    • 24 cm.
336 -Typ zawartości [ , ]
    • a
    • Termin opisujący typ zawartości
    • Tekst
    • b
    • Kod określający zawartość
    • txt
    • 2
    • Źródło (terminu i kodu)
    • rdacontent
337 -Typ mediów [ , ]
    • a
    • Tryb odtwarzania
    • Bez urządzenia pośredniczącego
    • b
    • Kod typu mediów
    • n
    • 2
    • Źródło (terminu i kodu)
    • rdamedia
338 -Typ/rodzaj nośnika [ , ]
    • a
    • Hasło opisujące typ nośnika
    • Wolumin
    • b
    • Kod typu nośnika
    • nc
    • 2
    • Źródło (terminu i kodu)
    • rdacarrier
490 -Strefa serii i książki wielotomowej - forma nie do wyszukiwania [1, ]
    • a
    • Tytuł (P)
    • Studia Naturae, Find
    • x
    • ISSN (NP)
    • 0081-6760 ;
    • v
    • Numeracja (P)
    • 45
830 -Hasło dodatkowe serii i opisu książki wielotomowej - tytuł ujednolicony/tytuł [ ,0]
    • a
    • Tytuł ujednolicony/tytuł (NP)
    • Studia Naturae
    • x
    • ISSN
    • 0081-6760
    • v
    • Oznaczenie tomu (NP)
    • 45
    • 9
    • KHW
    • 63139
504 -Uwaga dot. bibliogr. załącznikowej [ , ]
    • a
    • Uwaga dot. bibliografii załącznikowej
    • Bibliografia na stronach 89-94.
530 -Uwaga dot. innej postaci fizycznej dokumentu [ , ]
    • a
    • Uwaga dot. innej postaci fizycznej dokumentu
    • Dostępne również w formie elektronicznej.
546 -Uwaga dot. języka [ , ]
    • a
    • Uwaga dot. języka
    • Streszczenie w języku angielskim.
080 -Uniwersalna Klasyfikacja Dziesiętna [ , ]
    • 2
    • Identyfikator wydania tablic
    • UDC-P058
    • 9
    • UKD
    • 4413
    • a
    • Symbol klasyfikacji
    • 581.9
    • b
    • Dopowiedzenie
    • Geografia roślin. Flora.
    • 4
    • UKD2
    • 81171
    • x
    • Poddział wspólny
    • (438-751)
    • c
    • Dopowiedzenie poddz. wspólnego
    • (Polska - Tereny, obszary parków narodowych, rezerwatów).
080 -Uniwersalna Klasyfikacja Dziesiętna [ , ]
    • 2
    • Identyfikator wydania tablic
    • UDC-P058
    • 9
    • UKD
    • 5363
    • a
    • Symbol klasyfikacji
    • 633.2
    • b
    • Dopowiedzenie
    • Trawy pastewne i łąkowe. Użytki zielone: łąki, pastwiska itd.. Łąkarstwo.
    • 4
    • UKD2
    • 81171
    • x
    • Poddział wspólny
    • (438-751)
    • c
    • Dopowiedzenie poddz. wspólnego
    • (Polska - Tereny, obszary parków narodowych, rezerwatów).
650 -Hasło przedmiotowe [ ,7]
    • a
    • Hasło przedmiotowe
    • Ekologia łąk
    • z
    • Określnik geograficzny
    • Babia Góra (góra).
    • 2
    • Źródło terminu
    • kaba
    • 9
    • KHW
    • 372652
650 -Hasło przedmiotowe [ ,7]
    • a
    • Hasło przedmiotowe
    • Łąki
    • z
    • Określnik geograficzny
    • Babia Góra (góra).
    • 2
    • Źródło terminu
    • kaba
    • 9
    • KHW
    • 372653
651 -Hasło przedmiotowe w formie nazwy geograficznej [ ,7]
    • a
    • Nazwa geograficzna
    • Babiogórski Park Narodowy (Polska).
    • 2
    • Źródło terminu
    • kaba
    • 9
    • KHW
    • 192766
980 -Symbol UKD [ , ]
    • a
    • UKD
    • 581.9:633.2](438-751)
710 -Hasło dodatkowe - nazwa ciała zbiorowego [2, ]
    • a
    • Nazwa ciała zbiorowego lub nazwa geograficzna jako pierwszy element (NP)
    • Polska Akademia Nauk.
    • b
    • Nazwa jednostki podrzędnej (P)
    • Instytut Ochrony Przyrody (Kraków).
    • e
    • Rodzaj współpracy
    • Wydawca.
    • 4
    • Kod relacji
    • pbl
    • 9
    • KHW
    • 50207
856 -Dostęp do wersji elektronicznej [4,1]
Numer inwentarzowy Status udost. Lokalizacja Data inwentaryzacji
Z.1174231BG2013-10-22